K budúcej podobe školstva na Slovensku

Bibliographic Details
Main Author: Hrnčírik, Ladislav (Author)
Format: Article
Language:Slovak
Subjects:

MARC

LEADER 00000nab a2200000 a 4500
001 vtls000474909
003 SK-MaSNL
005 20260303004215.0
008 140302c1992 xo 0 slo
015 |a SNBRB19rr/mm-uuuuu 
035 |a CL0475043 
040 |a SNKBUCL  |b slo  |c SNKBUCL  |e AACR2 
041 0 |a slo 
044 |a xo  |c SK 
080 |a 371:37.014  |2 1981 
080 |a 37.014  |2 1981 
100 1 |a Hrnčírik, Ladislav  |4 aut  |9 5067 
245 1 0 |a K budúcej podobe školstva na Slovensku  |c Ladislav Hrnčírik 
650 0 7 |a školstvo  |2 snkbucl  |9 19712 
655 7 |a články z novín a časopisov  |2 snkbucl  |9 267496 
773 0 |t Učiteľské noviny  |g Roč. 42, č. 15 (1992), s. 5 
850 |a Slovenská národná knižnica v Martine  |a MTA001 
852 |a SNK  |b KIS3GCP 
958 |a RK 
992 |a RBX 
999 |c 1576578  |d 1578508